A narrative of Mathew 15:21-28 missional implications for contemporary Christian ministry / (Record no. 25102)
[ view plain ]
| 000 -LEADER | |
|---|---|
| fixed length control field | 00527nam a22001697a 4500 |
| 003 - CONTROL NUMBER IDENTIFIER | |
| control field | AUA.1 |
| 005 - DATE AND TIME OF LATEST TRANSACTION | |
| control field | 20251118170105.0 |
| 008 - FIXED-LENGTH DATA ELEMENTS--GENERAL INFORMATION | |
| fixed length control field | 250630b |||||||| |||| 00| 0 eng d |
| 040 ## - CATALOGING SOURCE | |
| Transcribing agency | JTL |
| 100 ## - MAIN ENTRY--PERSONAL NAME | |
| Personal name | Mpofu, Nduna |
| 245 ## - TITLE STATEMENT | |
| Title | A narrative of Mathew 15:21-28 missional implications for contemporary Christian ministry / |
| Statement of responsibility, etc | Nduna Mpofu |
| 260 ## - PUBLICATION, DISTRIBUTION, ETC. (IMPRINT) | |
| Date of publication, distribution, etc | c2024 |
| 300 ## - PHYSICAL DESCRIPTION | |
| Extent | viii, 84 leaves : |
| Other physical details | Illustrations : |
| Dimensions | 30cm. |
| 650 ## - SUBJECT ADDED ENTRY--TOPICAL TERM | |
| Topical term or geographic name as entry element | Missions |
| 690 ## - LOCAL SUBJECT ADDED ENTRY--TOPICAL TERM (OCLC, RLIN) | |
| Topical term or geographic name as entry element | Mathew 15:21-28 |
| 942 ## - ADDED ENTRY ELEMENTS (KOHA) | |
| Source of classification or shelving scheme | AUA Inhouse Classification |
| Koha item type | Thesis |
| Classification part | MABTS |
| Item part | .M66 2024 |
| Withdrawn status | Lost status | Source of classification or shelving scheme | Damaged status | Not for loan | Collection code | Home library | Current library | Shelving location | Date acquired | Source of acquisition | Cost, normal purchase price | Serial Enumeration / chronology | Total Checkouts | Full call number | Barcode | Date last seen | Cost, replacement price | Price effective from | Koha item type |
|---|---|---|---|---|---|---|---|---|---|---|---|---|---|---|---|---|---|---|---|
| Library of Congress Classification | JTL Research Collection | Judith Thomas Library | Judith Thomas Library | Judith Thomas Library Research Section | 30/06/2025 | Theological Seminary | 25.00 | AUA27901 | MABTS .M66 2024 | AUA27901 | 30/06/2025 | 25.00 | 30/06/2025 | Thesis |